Central Library OPAC University of Rajshahi

Willobie his Avisa, 1594 : (Record no. 21201)

MARC details
000 -LEADER
fixed length control field 01627cam a2200349 4500
001 - CONTROL NUMBER
control field 21201
003 - CONTROL NUMBER IDENTIFIER
rucl marc code BD-RjUL
005 - DATE AND TIME OF LATEST TRANSACTION
control field 20211209000647.0
008 - FIXED-LENGTH DATA ELEMENTS--GENERAL INFORMATION
fixed length control field 140303r19661926stkh 000 1 eng d
035 ## - SYSTEM CONTROL NUMBER
System control number (BD-RjUL) 21265
040 ## - CATALOGING SOURCE
Original cataloging agency DLC
Transcribing agency DLC
Modifying agency DLC
-- BD-RjUL
Language of cataloging eng
041 ## - LANGUAGE CODE
Language code of text/sound track or separate title eng
082 00 - DEWEY DECIMAL CLASSIFICATION NUMBER
Classification number 821.3
Author mark and year WIL 1966
245 10 - TITLE STATEMENT
Title Willobie his Avisa, 1594 :
Remainder of title With an essay on Willobie his Avisa /
Statement of responsibility, etc. by G. B. Harrison.
260 ## - PUBLICATION, DISTRIBUTION, ETC. (IMPRINT)
Place of publication, distribution, etc. Edinburgh :
Name of publisher, distributor, etc. Edinburgh U.P.,
Date of publication, distribution, etc. 1966.
300 ## - PHYSICAL DESCRIPTION
Pagination 271 p. :
Illustrations facsim. ;
Size 19 cm.
350 ## - PRICE (NR) (BK AM CF MU VM SE) [OBSOLETE]
Price unpriced
500 ## - GENERAL NOTE
General note Includes facsim of the original t.p.
General note Reprint of the ed. first published in 1926.
General note Ostensibly edited by Hadrian Dorrell from the papers of his friend Henry Willoughby; thought to be the work of Dorrell himself, though the name is probably fictitious. Has been ascribed to the Earl of Southampton, Matthew Roydon, and others. The present editor locates the poem at Cerne Abbas, and ascribes it to a friend of Raleigh.
General note Contains an early allusion to Shakespeare, and is supposed to refer to him under the initials W. S.
600 10 - SUBJECT ADDED ENTRY--PERSONAL NAME
Personal name Raleigh, Walter,
Titles and other words associated with a name Sir,
Dates associated with a name 1552?-1618.
Personal name Shakespeare, William,
Dates associated with a name 1564-1616
General subdivision Allusions.
651 #0 - SUBJECT ADDED ENTRY--GEOGRAPHIC NAME
Geographic name Cerne Abbas (England)
9 (RLIN) 65526
700 1# - ADDED ENTRY--PERSONAL NAME
Personal name Willoughby, Henry,
Dates associated with a name 1574?-1596?
Relator term supposed author.
Personal name Dorrell, Hadrian?
Relator term supposed author.
Personal name Harrison, G. B.
Fuller form of name (George Bagshawe),
Dates associated with a name 1894-1991.
942 ## - ADDED ENTRY ELEMENTS (KOHA)
Source of classification or shelving scheme Dewey Decimal Classification
Koha item type Books
Holdings
Lost status Source of classification or shelving scheme Damaged status Not for loan Collection code Permanent Location Current Location Shelving location Date acquired Source of acquisition Cost, normal purchase price Total Checkouts Full call number Date last seen Copy number Koha item type
  Dewey Decimal Classification   Added to bundle Fiction Central Library, University of Rajshahi Central Library, University of Rajshahi Reading Room 24/06/1968 Swets and Zeitlinger 21.00   821.3 WIL 1966 03/03/2014 C-1 Books